The Romans / (Record no. 24154)
[ view plain ]
| 000 -LEADER | |
|---|---|
| fixed length control field | 00781cam a22002651 4500 |
| 001 - CONTROL NUMBER | |
| control field | 24154 |
| 003 - CONTROL NUMBER IDENTIFIER | |
| rucl marc code | BD-RjUL |
| 005 - DATE AND TIME OF LATEST TRANSACTION | |
| control field | 20211209001021.0 |
| 008 - FIXED-LENGTH DATA ELEMENTS--GENERAL INFORMATION | |
| fixed length control field | 140312s1965 ohua b 001 0 eng d |
| 035 ## - SYSTEM CONTROL NUMBER | |
| System control number | (BD-RjUL)24220 |
| System control number | (OCoLC)1307037 |
| 040 ## - CATALOGING SOURCE | |
| Original cataloging agency | DLC |
| Transcribing agency | FO |
| Modifying agency | OCoLC |
| -- | DLC |
| -- | BD-RjUL |
| Language of cataloging | eng |
| 041 ## - LANGUAGE CODE | |
| Language code of text/sound track or separate title | eng |
| 082 00 - DEWEY DECIMAL CLASSIFICATION NUMBER | |
| Classification number | 937 |
| Author mark and year | DUR 1965 |
| 100 1# - MAIN ENTRY--PERSONAL NAME | |
| Personal name | Duggan, Alfred Leo, |
| Dates associated with a name | 1903-1964. |
| 9 (RLIN) | 74413 |
| 245 14 - TITLE STATEMENT | |
| Title | The Romans / |
| Statement of responsibility, etc. | Illustrated by Richard M. Powers. |
| 260 ## - PUBLICATION, DISTRIBUTION, ETC. (IMPRINT) | |
| Place of publication, distribution, etc. | Cleveland : |
| Name of publisher, distributor, etc. | World Pub. Co., |
| Date of publication, distribution, etc. | 1965 |
| 300 ## - PHYSICAL DESCRIPTION | |
| Pagination | 125 p. : |
| Illustrations | illus. ; |
| Size | 25 cm. |
| 504 ## - BIBLIOGRAPHY, ETC. NOTE | |
| Bibliography, etc | Bibliography: p. 120-121. and Index |
| 651 #0 - SUBJECT ADDED ENTRY--GEOGRAPHIC NAME | |
| Geographic name | Rome |
| General subdivision | History |
| -- | Juvenile literature. |
| 9 (RLIN) | 74414 |
| 700 1# - ADDED ENTRY--PERSONAL NAME | |
| Personal name | Oakeshott, Ewart |
| 942 ## - ADDED ENTRY ELEMENTS (KOHA) | |
| Source of classification or shelving scheme | Dewey Decimal Classification |
| Koha item type | Books |
| Lost status | Source of classification or shelving scheme | Damaged status | Not for loan | Collection code | Permanent Location | Current Location | Shelving location | Date acquired | Source of acquisition | Cost, normal purchase price | Total Checkouts | Full call number | Date last seen | Copy number | Koha item type |
|---|---|---|---|---|---|---|---|---|---|---|---|---|---|---|---|
| Dewey Decimal Classification | Added to bundle | Non-fiction | Central Library, University of Rajshahi | Central Library, University of Rajshahi | Reading Room | 11/08/1972 | Paramount | 17.60 | 937 DUR 1965 | 12/03/2014 | C-1 | Books |